[Event "LJEM M-V 2025 u12"]
[Site "Malchow"]
[Date "2025.02.02"]
[Round "2.7"]
[White "Waligora, Franz"]
[Black "Vollendorff, Lukas"]
[Result "0-1"]
[WhiteElo "854"]
[BlackElo "1012"]
[Time "08:30:00"]
[WhiteTeam "SSC Rostock 07"]
[BlackTeam "Think Rochade - SC HRO"]

1.e4 e5 2.Nf3 Nc6 3.Bb5 d6 4.Bxc6+ bxc6 5.O-O Nf6 6.Nc3 Ba6 7.d3 Be7 8.Be3
O-O 9.Re1 c5 10.Nd5 Nxd5 11.exd5 Bb7 12.c4 c6 13.dxc6 Bxc6 14.a3 Rb8 15.b4
cxb4 16.axb4 Rxb4 17.Rxa7 Bf6 18.c5 dxc5 19.Bxc5 Rb5 20.Bxf8 Qxf8 21.d4 
exd4 22.Nxd4 Rd5 23.Qc2 Qb4 24.Re2 Rxd4 25.Ree7 Qa5 26.Ra8+ Rd8 27.Rxd8+ 
Qxd8 28.h3 Bb5 29.Rd7 Qe8 30.Rd5 g6 31.Rc5 Kg7 32.Qb3 Qe1+ 33.Kh2 Be5+ 34.
Rxe5 Qxe5+ 35.Kg1 Bc6 36.Qc4 Bd5 37.Qb4 Qg5 38.Qd4+ f6 39.Qa7+ Kh6 40.f3 
Bxf3 41.Qf2 Bxg2 42.Qxg2 Qxg2+ 43.Kxg2 Kg5 44.Kg3 f5 45.h4+ Kh5 46.Kh3 g5 
47.hxg5 Kxg5 48.Kg3 h5 49.Kf3 f4 50.Kg2 Kg4 51.Kf2 h4 52.Kg2 f3+ 53.Kf2 h3
54.Kg1 Kg3 55.Kh1 Kf4 56.Kg1 h2+ 57.Kxh2 Ke3 58.Kg1 Ke2 59.Kh2 f2 0-1

[Event "LJEM M-V 2025 u12"]
[Site "Malchow"]
[Date "2025.02.02"]
[Round "2.8"]
[White "Semenov, Maxim"]
[Black "Uecker, Emil"]
[Result "0-1"]
[WhiteElo "944"]
[BlackElo "816"]
[Time "08:30:00"]
[WhiteTeam "TuS Makkabi Rostock"]
[BlackTeam "SAV Torgelow-Drögeheide 90"]

1.d4 e6 2.c4 d5 3.Nf3 c5 4.dxc5 Bxc5 5.Bf4 Qb6 6.Qc2 Bxf2+ 7.Kd1 Bd7 8.Qd3
Ba4+ 9.b3 Bc6 10.g3 Bc5 11.a4 Nf6 12.Qc2 O-O 13.Be5 Be7 14.h4 dxc4 15.bxc4
Rd8+ 16.Kc1 Qf2 17.Ng5 Qe1+ 18.Kb2 Qb4+ 19.Kc1 g6 20.Rh2 Qe1+ 21.Kb2 Qxf1 
22.h5 Qd1 23.Qxd1 Rxd1 24.hxg6 fxg6 25.Nxe6 Nbd7 26.Bxf6 Bxf6+ 27.Kc2 Bxa1
28.Kxd1 Bxa4+ 29.Ke1 Bb3 30.Ng5 Nf6 31.Rf2 Ne4 32.Nxe4 Bc2 33.Nbc3 Bxe4 
34.Nxe4 Rf8 35.Rh2 a6 36.Nc5 b5 37.cxb5 axb5 38.Nb3 Bc3+ 39.Kd1 Be5 40.Rg2
Rc8 41.g4 b4 42.e4 Rc3 43.Rb2 Rc4 44.Re2 Rc3 45.Rb2 Rc4 46.Re2 Rc3 47.Rb2 
Kf7 48.Nc1 Rc4 49.Re2 Bf4 50.Nd3 g5 51.Ke1 b3 52.e5 Rc3 53.Nxf4 gxf4 54.
Rf2 Rc1+ 55.Kd2 Rc2+ 56.Ke1 Rxf2 57.Kxf2 b2 58.g5 b1=Q 59.g6+ Kg7 60.e6 
Qa2+ 61.Kf1 Qxe6 62.Kf2 Qe3+ 63.Kg2 f3+ 64.Kh1 Qg5 65.gxh7 Qg2# 0-1

[Event "LJEM M-V 2025 u12"]
[Site "Malchow"]
[Date "2025.02.02"]
[Round "2.9"]
[White "Dingler, Mika"]
[Black "Wiechert, Emil"]
[Result "0-1"]
[WhiteElo "782"]
[BlackElo "941"]
[Time "08:30:00"]
[WhiteTeam "SF Schwerin"]
[BlackTeam "SSC Rostock 07"]

1.e4 e5 2.Nf3 Nc6 3.Bc4 Nf6 4.Nc3 Bc5 5.h3 O-O 6.d3 h6 7.b3 Ne7 8.Nh4 Bb4 
9.Bb2 d5 10.O-O dxc4 11.bxc4 Be6 12.a3 Bd6 13.Nb5 Qd7 14.Nxd6 cxd6 15.d4 
Bxh3 16.gxh3 Qxh3 17.Ng2 Ng4 18.Qxg4 Qxg4 19.dxe5 dxe5 20.Bxe5 Ng6 21.Bd6 
Nh4 22.Bg3 Nxg2 23.Kxg2 Rac8 24.Rh1 Rxc4 25.Rh4 Qe2 26.Rf4 Rxe4 27.Rxe4 
Qxe4+ 28.Kg1 Qg4 29.Re1 h5 30.Kg2 h4 31.f3 Qxg3+ 32.Kf1 Qxf3+ 33.Kg1 h3 
34.Rf1 Qg2# 0-1

[Event "LJEM M-V 2025 u12"]
[Site "Malchow"]
[Date "2025.02.02"]
[Round "3.1"]
[White "Hammerich, Devon"]
[Black "Tran, Nhat Nam"]
[Result "0-1"]
[WhiteElo "1431"]
[BlackElo "1363"]
[Time "14:30:00"]
[WhiteTeam "SC Mecklenburger Springer"]
[BlackTeam "Greifswalder SV"]

1.e4 c6 2.d4 d5 3.e5 c5 4.Nf3 Nc6 5.Nc3 Bg4 6.Bb5 e6 7.O-O Ne7 8.Bg5 Qb6 
9.h3 Bh5 10.Re1 a6 11.Bxc6+ Nxc6 12.Na4 Qa7 13.Qd3 Bxf3 14.Qxf3 Nxd4 15.
Qc3 b5 16.Nxc5 Bxc5 17.Rad1 Nf5 18.b4 Bxf2+ 19.Kh2 Bxe1 20.Rxe1 O-O 21.Qc5
Qxc5 22.bxc5 h6 23.Bh4 Nxh4 24.g3 Nf3+ 25.Kg2 Nxe1+ 26.Kf2 Nxc2 27.Ke2 
Rac8 28.Kd3 Rxc5 29.g4 Rfc8 30.h4 Rc3+ 31.Ke2 R8c4 0-1

[Event "LJEM M-V 2025 u12"]
[Site "Malchow"]
[Date "2025.02.02"]
[Round "3.2"]
[White "Khanbekyan, Aram"]
[Black "König, Lian"]
[Result "0-1"]
[WhiteElo "1570"]
[BlackElo "1450"]
[Time "14:30:00"]
[WhiteTeam "Greifswalder SV"]
[BlackTeam "SF Schwerin"]

1.e4 e5 2.Nf3 Nc6 3.d4 exd4 4.Bc4 Bc5 5.c3 Nf6 6.cxd4 Bb4+ 7.Bd2 Nxe4 8.
O-O O-O 9.Bxb4 Nxb4 10.Nc3 Nf6 11.Ne5 d6 12.Nxf7 Rxf7 13.Bxf7+ Kxf7 14.
Qb3+ Nbd5 15.Nxd5 Be6 16.Qxb7 Bxd5 17.Qb4 Qb8 18.Qxb8 Rxb8 19.b3 Re8 20.
Rac1 c6 21.f3 Re2 22.Rf2 Re8 23.Rcc2 Re1+ 24.Rf1 Re8 25.Rff2 Nh5 26.Rce2 
Nf4 27.Rxe8 Kxe8 28.Rf1 Kf7 29.Re1 Nd3 30.Rd1 Nf4 31.Re1 Nd3 32.Rd1 Nb4 
33.Rd2 a5 34.Kf2 Kf6 35.Re2 Kf7 36.g3 Na6 37.f4 Nc7 38.Rd2 Ne8 39.Ke3 Nf6 
40.Kd3 Ke7 41.Re2+ Kd7 42.Re1 h6 43.Kc3 Be4 44.a3 d5 45.b4 a4 46.Re2 Ne8 
47.Rb2 Nc7 48.Rd2 Ke6 49.Kb2 h5 50.Rd1 Ne8 51.Rd2 Kf6 52.h3 Bf5 53.h4 Nd6 
54.Rg2 Nc4+ 55.Ka2 Be4 56.Rg1 Kf5 57.Ka1 Nd2 58.Ka2 Nb3 59.Re1 Kg4 60.Re3 
Nxd4 61.Kb2 Nf3 62.Rc3 d4 63.Rc4 Kxg3 64.Rc5 Kxh4 65.Ra5 Kg4 66.Rxa4 h4 
67.Ra8 h3 68.Rh8 Nh4 0-1

[Event "LJEM M-V 2025 u12"]
[Site "Malchow"]
[Date "2025.02.02"]
[Round "3.3"]
[White "Zietz, Leni"]
[Black "Wiechert, Leonel"]
[Result "0-1"]
[WhiteElo "1159"]
[BlackElo "1068"]
[Time "14:30:00"]
[WhiteTeam "Think Rochade - SC HRO"]
[BlackTeam "SSC Rostock 07"]

1.d4 e6 2.e4 d5 3.Bd3 c5 4.Nf3 Nc6 5.c3 f6 6.Nh4 g6 7.O-O Bd6 8.Be3 c4 9.
Bc2 Nge7 10.Qf3 Rf8 11.Nd2 Bc7 12.b3 Qd6 13.g3 b5 14.a4 cxb3 15.Bxb3 b4 
16.Rfc1 bxc3 17.Rxc3 e5 18.dxe5 fxe5 19.Qe2 d4 20.Bh6 dxc3 21.Bxf8 cxd2 
22.Bxe7 Nd4 23.Bxd6 Nxe2+ 24.Kf1 Nxg3+ 25.hxg3 Bxd6 26.Nf3 Ba6+ 27.Kg2 Bb4
28.Nxe5 Bc3 29.Rd1 Be2 30.Nf3 Bxd1 31.Bxd1 Rb8 32.Kf1 Rb4 33.Ke2 Rxe4+ 34.
Kd3 Re1 35.Nxd2 Rxd1 36.Kxc3 Kd7 37.Kc2 Ra1 38.Kb3 Kc6 39.Kb4 Kb6 40.f3 
Rc1 41.f4 a5+ 42.Kb3 Kc5 43.Ne4+ Kd5 44.Nc3+ Ke6 45.Ne4 Kf5 46.Nd6+ Kg4 
47.Kb2 Rc6 48.Ne4 h5 49.Kb3 Kf3 50.Nd2+ Kxg3 51.Nc4 Rxc4 52.Kxc4 h4 53.Kb5
h3 54.Kxa5 h2 55.Kb5 h1=Q 56.a5 Kxf4 57.a6 Qf1+ 58.Kb6 Qxa6+ 59.Kxa6 g5 
60.Kb6 g4 61.Kc5 g3 62.Kd4 g2 63.Kd5 g1=Q 64.Kc4 Ke4 65.Kc3 Qd4+ 66.Kc2 
Qd3+ 67.Kb2 Kd4 68.Ka2 Kc4 69.Kb2 Qb3+ 70.Ka1 Qb8 71.Ka2 Kc3 72.Ka1 Kc2 
73.Ka2 Qa8# 0-1

[Event "LJEM M-V 2025 u12"]
[Site "Malchow"]
[Date "2025.02.02"]
[Round "3.4"]
[White "Chychkan, Pavlo"]
[Black "Vollendorff, Lukas"]
[Result "0-1"]
[WhiteElo "1200"]
[BlackElo "1012"]
[Time "14:30:00"]
[WhiteTeam "Think Rochade - SC HRO"]
[BlackTeam "Think Rochade - SC HRO"]

1.e4 e5 2.Nc3 Nc6 3.Nf3 Nf6 4.Bc4 Bc5 5.h3 d6 6.d3 h6 7.Be3 Nd4 8.Bxd4 
Bxd4 9.Nxd4 exd4 10.Nd5 O-O 11.O-O Be6 12.Nxf6+ Qxf6 13.Bb3 Qg6 14.Bxe6 
fxe6 15.c3 c5 16.Rc1 e5 17.Qb3+ Qf7 18.Qc2 b6 19.a3 d5 20.cxd4 exd4 21.
exd5 Qxd5 22.Qc4 Qxc4 23.Rxc4 Rf6 24.b4 Rc8 25.Rfc1 Rf5 26.Rxd4 Rcf8 27.
bxc5 bxc5 28.Rdc4 Rxf2 29.Rxc5 Rd2 30.Rd5 Rff2 31.Rd7 Rxg2+ 32.Kf1 Rh2 33.
Rd8+ Kh7 34.Ke1 Ra2 35.Rf8 Rxh3 36.d4 Raxa3 37.d5 Rad3 38.Ra1 Rxd5 39.Rxa7
Rhh5 40.Rff7 Rhe5+ 41.Kf1 Rf5+ 42.Ke2 Rxf7 43.Rxf7 Rg5 44.Kf3 h5 45.Kf4 
Kh6 46.Rf5 Rxf5+ 47.Kxf5 g6+ 48.Kf4 g5+ 49.Kg3 h4+ 50.Kh3 Kh5 51.Kh2 g4 
52.Kg2 Kg5 53.Kh2 Kf4 54.Kg2 h3+ 55.Kg1 g3 56.Kh1 Kf3 57.Kg1 h2+ 58.Kh1 
g2+ 59.Kxh2 Kf2 0-1

[Event "LJEM M-V 2025 u12"]
[Site "Malchow"]
[Date "2025.02.02"]
[Round "3.5"]
[White "Wiechert, Emil"]
[Black "Subocz, Emma"]
[Result "0-1"]
[WhiteElo "941"]
[BlackElo "1165"]
[Time "14:30:00"]
[WhiteTeam "SSC Rostock 07"]
[BlackTeam "SAV Torgelow-Drögeheide 90"]

1.e4 c5 2.Nf3 d6 3.Bc4 e6 4.O-O Nf6 5.d3 g6 6.Bg5 Bg7 7.Qe2 O-O 8.Nc3 Nc6 
9.Qd2 a6 10.Rfe1 b5 11.Bb3 Qb6 12.h3 Bb7 13.Bh6 Rfd8 14.Qg5 a5 15.Bxg7 
Kxg7 16.Nh4 a4 17.Nd5 exd5 18.Nf5+ Kg8 19.Qxf6 gxf5 20.Bxd5 Ne5 21.Be6 
fxe6 22.Qxe6+ Kg7 23.Re3 f4 24.Qe7+ Nf7 25.Rf3 Re8 26.Qh4 Qd8 27.Qxf4 Ne5 
28.Rg3+ Ng6 29.Re1 Qf6 30.Qxf6+ Kxf6 31.Ree3 Rf8 32.Ref3+ Kg7 33.Rxf8 Rxf8
34.h4 h5 35.Rg5 Kh6 36.f3 Nxh4 37.Rg3 Ng6 38.Rh3 Nf4 39.Rh1 Rg8 40.Rh2 d5 
41.e5 d4 42.Kf2 Kg5 43.g3 Ne6 44.f4+ Kg6 45.Rg2 Bxg2 46.Kxg2 0-1

[Event "LJEM M-V 2025 u12"]
[Site "Malchow"]
[Date "2025.02.02"]
[Round "3.7"]
[White "Aslanov, Kamran"]
[Black "Uecker, Emil"]
[Result "1-0"]
[WhiteElo "1451"]
[BlackElo "816"]
[Time "14:30:00"]
[WhiteTeam "SF Schwerin"]
[BlackTeam "SAV Torgelow-Drögeheide 90"]

1.e4 e6 2.d4 d5 3.e5 c5 4.c3 Nc6 5.Nf3 Qb6 6.b3 cxd4 7.cxd4 Nge7 8.Qd3 Nf5
9.Bb2 Nb4 10.Qe2 Nc6 11.Qb5 Bb4+ 12.Kd1 Bd7 13.Qxb6 axb6 14.a3 Be7 15.a4 
Nb4 16.Nc3 Nd3 17.Bxd3 O-O 18.Kc2 Rfc8 19.Kd2 f6 20.g4 Nh6 21.h3 Rc7 22.
Bb5 Bb4 23.Bxd7 Rxd7 24.Ba3 Bxa3 25.Rxa3 Rc7 26.Raa1 Ra7 27.Rhe1 Rc8 28.
exf6 gxf6 29.Rxe6 Rc6 30.Rae1 Ra8 31.Rxc6 bxc6 32.Re6 Rc8 33.Rxf6 Kg7 34.
g5 Rc7 35.Rxh6 Kg8 36.Ne5 c5 37.dxc5 bxc5 38.Rc6 Rb7 39.Nb5 Rb8 40.Rxc5 
Rf8 41.Ke2 Rf5 42.Rxd5 Rxg5 43.f4 Rg2+ 44.Ke3 Rg3+ 45.Ke4 Rxh3 46.Rd8+ Kg7
47.Rd7+ Kf6 48.Rf7+ Ke6 49.Nd4+ Kd6 50.Rd7+ Kc5 51.Nd3+ Kb6 52.b4 Rxd3 53.
Kxd3 Ka6 54.f5 h5 55.Rh7 Kb6 56.f6 h4 57.f7 h3 58.f8=Q h2 59.Qb8+ Ka6 60.
Ra7# 1-0

[Event "LJEM M-V 2025 u12"]
[Site "Malchow"]
[Date "2025.02.02"]
[Round "3.8"]
[White "Schneider, Tom"]
[Black "Semenov, Maxim"]
[Result "1-0"]
[WhiteElo "1052"]
[BlackElo "944"]
[Time "14:30:00"]
[WhiteTeam "SV Blau-Weiß Grevesmühlen"]
[BlackTeam "TuS Makkabi Rostock"]

1.d4 Nf6 2.Nf3 g6 3.Bg5 Bg7 4.e3 O-O 5.Be2 Ne4 6.Nbd2 Nxg5 7.Nxg5 d6 8.h4 
e5 9.Ngf3 Bg4 10.c3 Nd7 11.Ng1 Nf6 12.Bxg4 Nxg4 13.Qxg4 f5 14.Qe2 exd4 15.
cxd4 d5 16.Qd3 f4 17.O-O-O b6 18.Ndf3 c5 19.Kb1 c4 20.Qc3 a5 21.Ng5 b5 22.
a3 Rb8 23.b4 axb4 24.axb4 Ra8 25.Ne6 Qe8 26.Nxf8 Qxf8 27.h5 Ra7 28.hxg6 
Qa8 29.gxh7+ Kh8 30.Nf3 Ra3 31.Ng5 Ra7 32.Rd2 Bf6 33.Ra2 Bxg5 34.Rxa7 Qxa7
35.Rh5 fxe3 36.Rxg5 Qa4 37.fxe3 Qd1+ 38.Kb2 Qe2+ 39.Ka3 Qd1 40.Rxd5 Qa4+ 
41.Kb2 Kxh7 42.Qc2+ Qxc2+ 43.Kxc2 c3 44.Rf5 Kg6 45.g4 Kh6 46.d5 Kg6 47.d6 
Kg7 48.d7 Kg6 49.d8=Q Kh7 50.Qh4+ Kg7 51.Qg5+ Kh7 52.Rf7+ Kh8 53.Rf3 1-0

[Event "LJEM M-V 2025 u12"]
[Site "Malchow"]
[Date "2025.02.02"]
[Round "3.10"]
[White "Dingler, Mika"]
[Black "Waligora, Franz"]
[Result "0-1"]
[WhiteElo "782"]
[BlackElo "854"]
[Time "14:30:00"]
[WhiteTeam "SF Schwerin"]
[BlackTeam "SSC Rostock 07"]

1.e4 e5 2.Nf3 Nc6 3.Bc4 Bc5 4.d3 Nf6 5.Nc3 O-O 6.O-O d6 7.h3 Be6 8.Bxe6 
fxe6 9.a3 d5 10.b4 Bd4 11.Nxd4 exd4 12.e5 Nxe5 13.Ne2 Nc6 14.Bb2 e5 15.c3 
dxc3 16.Bxc3 e4 17.d4 a5 18.b5 Na7 19.Bxa5 Nxb5 20.Bb4 Re8 21.a4 Nd6 22.
Bxd6 Qxd6 23.Nc3 c5 24.Nb5 Qc6 25.dxc5 Qxc5 26.Qd2 e3 27.fxe3 Qxe3+ 28.Qf2
Qxf2+ 29.Rxf2 Rad8 30.Nc7 Re7 31.Nxd5 Rxd5 32.Rb2 Ne4 33.Rf2 Nxf2 34.Kxf2 
Rf5+ 35.Kg1 b5 36.a5 Rfe5 37.a6 Re1+ 38.Rxe1 Rxe1+ 39.Kh2 Ra1 40.a7 Rxa7 
41.h4 b4 42.g4 b3 43.h5 b2 44.g5 b1=Q 45.h6 Ra2+ 46.Kh3 Qb3+ 47.Kh4 Ra4+ 
48.Kh5 g6# 0-1

[Event "LJEM M-V 2025 u12"]
[Site "Malchow"]
[Date "2025.02.03"]
[Round "4.1"]
[White "Tran, Nhat Nam"]
[Black "Wiechert, Leonel"]
[Result "1-0"]
[WhiteElo "1363"]
[BlackElo "1068"]
[Time "08:30:00"]
[WhiteTeam "Greifswalder SV"]
[BlackTeam "SSC Rostock 07"]

1.d4 e6 2.Bf4 d5 3.e3 Nf6 4.Bd3 c5 5.c3 Bd7 6.Nf3 Nc6 7.Nbd2 g6 8.O-O c4 
9.Bc2 Bg7 10.e4 O-O 11.exd5 Nxd5 12.Bg3 b5 13.Bd6 Re8 14.a3 Qb6 15.Bc5 Qc7
16.Rc1 Bh6 17.Re1 e5 18.Rb1 f5 19.Kf1 Kh8 20.dxe5 Nxe5 21.Bd4 Bg7 22.Nxe5 
Bxe5 23.Nf3 Bxd4 24.Qxd4+ Nf6 25.Qxf6+ Kg8 26.Qd4 Rad8 27.Rxe8+ Bxe8 28.
Qe3 Bc6 29.Qe6+ Kf8 30.Qf6+ Kg8 31.Nd4 Bd7 32.Re1 Qf4 33.Qxd8+ Kg7 34.Qe7+
Kh6 35.Qe3 Qxe3 36.Rxe3 f4 37.Re7 Bg4 38.Rxa7 Bh5 39.Nxb5 f3 40.a4 g5 41.
Rxh7# 1-0

[Event "LJEM M-V 2025 u12"]
[Site "Malchow"]
[Date "2025.02.03"]
[Round "4.2"]
[White "König, Lian"]
[Black "Hammerich, Devon"]
[Result "1-0"]
[WhiteElo "1450"]
[BlackElo "1431"]
[Time "08:30:00"]
[WhiteTeam "SF Schwerin"]
[BlackTeam "SC Mecklenburger Springer"]

1.e4 e5 2.Nf3 Nc6 3.Bc4 Bc5 4.c3 Nf6 5.d3 d6 6.a4 a6 7.h3 Be6 8.Nbd2 O-O 
9.O-O Qd7 10.Bxe6 fxe6 11.Re1 Ba7 12.Nb3 d5 13.exd5 exd5 14.d4 e4 15.Nh2 
Rae8 16.Be3 Qf7 17.Qc2 Nd7 18.Nf1 Ne7 19.Nfd2 Nf5 20.Nf1 Nxe3 21.Nxe3 c6 
22.Qe2 Qf4 23.Nd2 Bb8 24.Ndf1 Re7 25.Rac1 Ref7 26.Rc2 Nb6 27.b3 Rf6 28.Qg4
Rg6 29.Qxf4 Bxf4 30.Nd2 Bd6 31.f3 exf3 32.Nxf3 Re6 33.Ree2 Bf4 34.Ng4 Rxe2
35.Rxe2 Bd6 36.Nge5 Re8 37.a5 Nc8 38.Kf2 Na7 39.Nd3 Rxe2+ 40.Kxe2 Nb5 41.
Kd1 Na3 42.Nfe5 Bc7 43.b4 Nc4 44.Nxc4 dxc4 45.Nb2 Bf4 46.Kc2 Kf7 47.Nxc4 
Ke6 48.Nb2 Kd5 49.Kd3 g5 50.Na4 Bc7 51.Nb6+ Bxb6 52.axb6 Ke6 53.Ke4 h6 54.
c4 Kd6 55.d5 c5 56.bxc5+ Kxc5 57.Kf5 a5 58.Ke6 Kxb6 59.d6 a4 60.d7 Kc7 61.
Ke7 a3 62.d8=Q+ Kc6 63.Qa5 b6 64.Qb5+ Kb7 65.c5 a2 66.Qxb6+ Kc8 67.c6 a1=Q
68.Qb7# 1-0

[Event "LJEM M-V 2025 u12"]
[Site "Malchow"]
[Date "2025.02.03"]
[Round "4.3"]
[White "Vollendorff, Lukas"]
[Black "Khanbekyan, Aram"]
[Result "0-1"]
[WhiteElo "1012"]
[BlackElo "1570"]
[Time "08:30:00"]
[WhiteTeam "Think Rochade - SC HRO"]
[BlackTeam "Greifswalder SV"]

1.e4 c5 2.c4 Nc6 3.Nc3 g6 4.d3 Bg7 5.Nge2 e6 6.g3 a6 7.Bg2 Nge7 8.Rb1 O-O 
9.O-O d6 10.b3 Qa5 11.Bd2 Qc7 12.Qc2 Nb4 13.Qd1 Nxd3 14.a3 Ne5 15.f4 N5c6 
16.Be3 b6 17.Qd2 Bb7 18.Rfd1 Rfd8 19.Qc2 Rd7 20.Qd2 Rad8 21.Qc2 Na5 22.Rd3
d5 23.cxd5 exd5 24.b4 Nc4 25.Bf2 Nxa3 26.Qb3 c4 27.Qxa3 cxd3 28.Nc1 d2 29.
N1e2 dxe4 30.Rd1 Rd3 31.b5 Bxc3 32.Qa4 Ba5 33.bxa6 Bxa6 34.Bxe4 R3d6 35.
Bf3 Bxe2 36.Bxe2 Rc6 37.Rf1 Rc1 38.Bd1 Nd5 39.Qb3 Qc3 40.Qa4 Qb4 41.Qxb4 
Bxb4 42.Kg2 Nc3 0-1

[Event "LJEM M-V 2025 u12"]
[Site "Malchow"]
[Date "2025.02.03"]
[Round "4.4"]
[White "Subocz, Emma"]
[Black "Aslanov, Kamran"]
[Result "1-0"]
[WhiteElo "1165"]
[BlackElo "1451"]
[Time "08:30:00"]
[WhiteTeam "SAV Torgelow-Drögeheide 90"]
[BlackTeam "SF Schwerin"]

1.e4 e5 2.Nf3 Nc6 3.Nc3 Nf6 4.Bb5 d6 5.O-O a6 6.Bxc6+ bxc6 7.d4 Qe7 8.Bg5 
h6 9.Bxf6 Qxf6 10.dxe5 dxe5 11.h3 Bd6 12.Qd3 O-O 13.Qc4 Bb7 14.Rad1 Rfd8 
15.Rfe1 Re8 16.Na4 Rad8 17.Nc5 Bxc5 18.Qxc5 Rxd1 19.Rxd1 Qe6 20.a3 f6 21.
Qa7 Qc8 22.Nh4 Kh7 23.Nf5 g6 24.Ne3 Re7 25.Nc4 Ba8 26.Nb6 Qb7 27.Qxa8 cxb6
28.Qxb7 Rxb7 29.Rd6 Rc7 30.Rxf6 Kg7 31.Re6 Kf7 32.Rxe5 Kf6 33.Re8 Re7 34.
Rxe7 Kxe7 35.f4 Kf6 36.h4 g5 37.g3 c5 38.Kf2 b5 39.Ke3 a5 40.b3 a4 41.bxa4
bxa4 42.c3 Ke6 43.fxg5 h5 44.Kf4 c4 45.e5 Ke7 46.Kf5 Kf7 47.e6+ Ke7 48.g6 
Kf8 49.Kf6 Kg8 50.g7 Kh7 51.Kf7 Kh6 52.g4 hxg4 53.g8=Q 1-0

[Event "LJEM M-V 2025 u12"]
[Site "Malchow"]
[Date "2025.02.03"]
[Round "4.6"]
[White "Waligora, Franz"]
[Black "Chychkan, Pavlo"]
[Result "0-1"]
[WhiteElo "854"]
[BlackElo "1200"]
[Time "08:30:00"]
[WhiteTeam "SSC Rostock 07"]
[BlackTeam "Think Rochade - SC HRO"]

1.e4 e5 2.Nf3 Nc6 3.Bc4 Bc5 4.d3 d6 5.O-O Bg4 6.Nc3 Nd4 7.Be3 Bxf3 8.gxf3 
h6 9.Nd5 c6 10.Nc3 Nf6 11.f4 O-O 12.Na4 Bb6 13.c3 Ne6 14.Nxb6 axb6 15.fxe5
dxe5 16.d4 exd4 17.cxd4 Nxe4 18.d5 Nc7 19.Bxb6 Qg5+ 20.Kh1 Nxd5 21.Bxd5 
cxd5 22.f4 Qh4 23.Qxd5 Ng3+ 24.Kg2 Nxf1 25.Rxf1 Qf6 26.Bd4 Qc6 27.Qxc6 
bxc6 28.a3 Rad8 29.Bc3 Rc8 30.Kf3 Rfd8 31.Rg1 Rd3+ 32.Kf2 g6 33.f5 Kh7 34.
fxg6+ fxg6 35.h4 Re3 36.h5 g5 37.Rc1 Rce8 38.Bd4 R3e4 39.Bf6 Rf4+ 40.Kg3 
Rxf6 41.Rd1 Re3+ 42.Kg2 Re2+ 43.Kg3 Rxb2 44.Rd7+ Kg8 45.Rd8+ Rf8 46.Rd6 
Kg7 47.Rg6+ Kh7 48.Rxc6 Rb3+ 49.Kg2 Rxa3 50.Rc7+ Kg8 51.Rc6 Raf3 52.Rg6+ 
Kh7 53.Re6 Rh3 54.Re7+ Rf7 55.Re2 Rf5 56.Re6 g4 57.Rg6 Rhxh5 58.Rxg4 Rfg5 
59.Rxg5 hxg5 60.Kg3 Kh6 61.Kg4 Kg6 62.Kg3 g4 63.Kxg4 Rf5 64.Kg3 Kg5 65.Kh3
Rf4 66.Kg3 Kf5 67.Kg2 Kg4 68.Kh2 Rf3 69.Kg2 Kf4 70.Kg1 Kg3 71.Kh1 Rf1# 0-1

[Event "LJEM M-V 2025 u12"]
[Site "Malchow"]
[Date "2025.02.03"]
[Round "4.7"]
[White "Uecker, Emil"]
[Black "Zietz, Leni"]
[Result "0-1"]
[WhiteElo "816"]
[BlackElo "1159"]
[Time "08:30:00"]
[WhiteTeam "SAV Torgelow-Drögeheide 90"]
[BlackTeam "Think Rochade - SC HRO"]

1.e4 c5 2.Nf3 d6 3.d4 cxd4 4.Nxd4 Nc6 5.Be2 g6 6.O-O Bg7 7.Be3 Nf6 8.Nc3 
O-O 9.h3 Bd7 10.Qd2 Re8 11.Rad1 a6 12.Rfe1 b5 13.Qc1 e6 14.Bh6 Bf8 15.Bxf8
Rxf8 16.Nxc6 Bxc6 17.e5 Nd5 18.Nxd5 Bxd5 19.exd6 Qxd6 20.b3 Qc6 21.c4 Bxg2
22.cxb5 axb5 23.Qxc6 Bxc6 24.Rd2 Rfd8 25.Rxd8+ Rxd8 26.Rd1 Ra8 27.Rd2 b4 
28.Rc2 Be4 29.Rc4 Bf5 30.Bg4 Bd3 31.Rxb4 Rxa2 32.Rb8+ Kg7 33.Rb7 Ra1+ 34.
Kh2 Be4 35.Rc7 Bd5 36.b4 Rb1 37.Kg3 Rxb4 38.f3 h5 39.Bxh5 gxh5 40.Rc5 Rc4 
41.Rxc4 Bxc4 42.f4 Kg6 43.h4 Kf5 44.Kf3 e5 45.fxe5 Kxe5 46.Kg3 f5 47.Kf3 
f4 48.Kf2 Ke4 49.Kg2 Ke3 50.Kh3 f3 51.Kg3 f2 52.Kh3 f1=Q+ 53.Kh2 Qf2+ 54.
Kh1 Bd5# 0-1

[Event "LJEM M-V 2025 u12"]
[Site "Malchow"]
[Date "2025.02.03"]
[Round "4.8"]
[White "Seegebrecht, Johann"]
[Black "Sdunek, Timo"]
[Result "1-0"]
[WhiteElo "1574"]
[BlackElo "905"]
[Time "08:30:00"]
[WhiteTeam "SC Mecklenburger Springer"]
[BlackTeam "SSC Rostock 07"]

1.e4 e5 2.Nf3 Nc6 3.Nc3 Nf6 4.Bb5 d6 5.d4 exd4 6.Nxd4 Bd7 7.Bg5 h6 8.Bd2 
Nxd4 9.Bxd7+ Qxd7 10.Be3 Ne6 11.Qd2 Qe7 12.O-O-O O-O-O 13.Bxa7 b6 14.Qe2 
Kb7 15.e5 Nh7 16.exd6 Rxd6 17.Nb5 Qd7 18.Qe4+ Kc8 19.Nxd6+ Bxd6 20.Rxd6 
Qxd6 21.Qa8+ Kd7 22.Qxh8 Qf4+ 23.Kb1 Nhf8 24.Rd1+ Kc6 25.b3 Qxf2 26.g4 Qg2
27.Qg8 Qf3 28.Rg1 Qf2 29.Rd1 Qxh2 30.Qxf7 Nd4 31.Qc4+ Kb7 32.Qxd4 Kxa7 33.
Qa4+ Kb7 34.Rd8 Qg1+ 35.Kb2 c6 36.Qa8+ Kc7 37.Qc8# 1-0

[Event "LJEM M-V 2025 u12"]
[Site "Malchow"]
[Date "2025.02.03"]
[Round "4.10"]
[White "Semenov, Maxim"]
[Black "Dingler, Mika"]
[Result "1-0"]
[WhiteElo "944"]
[BlackElo "782"]
[Time "08:30:00"]
[WhiteTeam "TuS Makkabi Rostock"]
[BlackTeam "SF Schwerin"]

1.d4 d5 2.c4 e6 3.Nf3 Nf6 4.Nc3 c5 5.cxd5 exd5 6.e3 Nc6 7.Bd3 b6 8.O-O Be7
9.b3 Nb4 10.Bb5+ Bd7 11.Ne5 O-O 12.a3 Bxb5 13.Nxb5 Na6 14.Bb2 Qe8 15.a4 h6
16.Qe2 Qc8 17.a5 Nc7 18.axb6 Nxb5 19.Qxb5 axb6 20.Qxb6 Bd8 21.Qxc5 Bc7 22.
Rxa8 Qxa8 23.Qxc7 Qa2 24.Qc2 Rb8 25.Ra1 Qxb3 26.Qxb3 Rxb3 27.Ba3 Ne4 28.
Bc5 Nd2 29.g3 Nb1 30.Ra8+ Kh7 31.Nxf7 Nc3 32.h4 Ne2+ 33.Kg2 Rb7 34.Rf8 Kg6
35.Ne5+ Kh7 36.h5 Nc3 37.Ng6 Ne4 38.Rh8# 1-0

[Event "LJEM M-V 2025 u12"]
[Site "Malchow"]
[Date "2025.02.04"]
[Round "5.1"]
[White "König, Lian"]
[Black "Tran, Nhat Nam"]
[Result "1-0"]
[WhiteElo "1450"]
[BlackElo "1363"]
[Time "08:30:00"]
[WhiteTeam "SF Schwerin"]
[BlackTeam "Greifswalder SV"]

1.Nf3 d5 2.g3 Nf6 3.Bg2 Bf5 4.O-O c5 5.d4 Nc6 6.c4 e6 7.Nc3 Ne4 8.cxd5 
exd5 9.e3 Be7 10.dxc5 Nxc3 11.bxc3 Be4 12.Nd4 Bxg2 13.Kxg2 Bxc5 14.Qb3 Qd7
15.a4 O-O 16.Ba3 Bxa3 17.Rxa3 Rfd8 18.Raa1 Na5 19.Qc2 Rac8 20.Rfc1 Nc4 21.
Qf5 Qxf5 22.Nxf5 Rc7 23.Rc2 g6 24.Nd4 a6 25.h4 Rdc8 26.Kf1 Nb6 27.Ne2 Rc4 
28.a5 Na4 29.Rb1 R8c7 30.Ke1 R4c5 31.Rb4 Rc4 32.Rxc4 Rxc4 33.Kd2 Nc5 34.
Rb2 Ra4 35.Nf4 Rxa5 36.Nxd5 Ne4+ 37.Kd3 Nxf2+ 38.Ke2 Rxd5 39.Kxf2 Rb5 40.
Rxb5 axb5 41.e4 Kf8 42.Ke3 Ke7 43.Kd4 Kd6 44.e5+ Kc6 45.h5 h6 46.e6 Kd6 
47.exf7 Ke7 48.hxg6 b6 49.Kd5 Kf6 50.f8=Q+ Kxg6 51.Ke6 b4 52.Qg8+ Kh5 53.
Kf5 1-0

[Event "LJEM M-V 2025 u12"]
[Site "Malchow"]
[Date "2025.02.04"]
[Round "5.2"]
[White "Wiechert, Leonel"]
[Black "Khanbekyan, Aram"]
[Result "0-1"]
[WhiteElo "1068"]
[BlackElo "1570"]
[Time "08:30:00"]
[WhiteTeam "SSC Rostock 07"]
[BlackTeam "Greifswalder SV"]

1.Nf3 c5 2.c4 Nf6 3.Nc3 g6 4.d4 cxd4 5.Qxd4 Nc6 6.Qd1 Bg7 7.Bg5 O-O 8.e4 
d6 9.h3 Qa5 10.Qe2 Nd4 11.Nxd4 Qxg5 12.Nf3 Qa5 13.Qe3 Nxe4 14.Rc1 Nxc3 15.
bxc3 Qa3 16.Be2 Be6 17.O-O Qxa2 18.Nd2 Rac8 19.Ra1 Qb2 20.Rfc1 a6 21.h4 
Rc6 22.Bd3 Bxc3 23.Bxg6 Qxd2 24.Bxh7+ Kxh7 25.Rxc3 Qxe3 26.Rxe3 Rxc4 27.g3
Ra8 28.f4 d5 29.Re5 Re4 30.Rh5+ Kg7 31.Rg5+ Kh6 32.f5 Bd7 33.Rf1 f6 34.
Rg6+ Kh7 35.Rd1 Bxf5 36.h5 Bxg6 37.hxg6+ Kxg6 38.Rxd5 a5 39.Rd7 b5 40.Rb7 
b4 41.Kf2 a4 42.Kf3 f5 43.Rb6+ Kg5 44.Rb7 b3 45.g4 a3 46.gxf5 Kxf5 47.Rb5+
Re5 48.Rxb3 a2 49.Kg3 a1=Q 50.Rf3+ Kg5 51.Kg2 Re2+ 52.Rf2 Rxf2+ 53.Kxf2 
Qc3 0-1

[Event "LJEM M-V 2025 u12"]
[Site "Malchow"]
[Date "2025.02.04"]
[Round "5.4"]
[White "Chychkan, Pavlo"]
[Black "Aslanov, Kamran"]
[Result "1/2-1/2"]
[WhiteElo "1200"]
[BlackElo "1451"]
[Time "08:30:00"]
[WhiteTeam "Think Rochade - SC HRO"]
[BlackTeam "SF Schwerin"]

1.e4 e5 2.Nf3 Nc6 3.Bc4 Bc5 4.Nc3 Nf6 5.d3 h6 6.Be3 Bb6 7.Nd5 Bxe3 8.fxe3 
d6 9.Nxf6+ Qxf6 10.O-O O-O 11.d4 Qe7 12.dxe5 dxe5 13.Qe2 Be6 14.Bd5 Bd7 
15.Rad1 Rad8 16.Bxc6 Bxc6 17.Rxd8 Rxd8 18.Qc4 Rf8 19.a3 a6 20.Qc3 Re8 21.
Nd2 1/2-1/2

[Event "LJEM M-V 2025 u12"]
[Site "Malchow"]
[Date "2025.02.04"]
[Round "5.5"]
[White "Zietz, Leni"]
[Black "Vollendorff, Lukas"]
[Result "0-1"]
[WhiteElo "1159"]
[BlackElo "1012"]
[Time "08:30:00"]
[WhiteTeam "Think Rochade - SC HRO"]
[BlackTeam "Think Rochade - SC HRO"]

1.d4 d5 2.c4 c5 3.e3 Bf5 4.Nf3 Nf6 5.cxd5 Nxd5 6.Nbd2 Nf6 7.g3 Nc6 8.Bg2 
cxd4 9.Nc4 dxe3 10.Bxe3 g6 11.O-O Bg7 12.Rc1 O-O 13.Qb3 Rb8 14.Qa3 Ra8 15.
Nfe5 Nxe5 16.Nxe5 Ne4 17.Nc4 Nd6 18.Nxd6 exd6 19.Bxb7 Rb8 20.Qa6 Bxb2 21.
Rb1 Bxb1 22.Rxb1 Bg7 23.Bxa7 Qc7 24.Bxb8 Rxb8 25.Be4 Re8 26.Rb7 Qc1+ 27.
Kg2 Rxe4 28.Rb8+ Bf8 29.Rxf8+ Kxf8 30.Qxd6+ Re7 31.Qd8+ Re8 32.Qd6+ Kg8 
33.a4 Qe1 34.Qc5 Qe4+ 35.f3 Qxa4 36.Qf2 Qb5 37.Qg1 Qb2+ 38.Kh3 Qc2 39.g4 
Qc3 40.Qg3 Re3 41.Kg2 Qd2+ 42.Kh3 Qd3 43.Qb8+ Kg7 44.Qb2+ Qc3 45.Qg2 Rxf3+
46.Kh4 Qf6+ 47.g5 Qf4+ 48.Qg4 Qxg4+ 49.Kxg4 Rf5 50.h4 f6 51.h5 Rxg5+ 52.
Kh4 gxh5 53.Kh3 f5 54.Kh4 h6 55.Kh3 f4 56.Kh4 f3 57.Kh3 f2 58.Kh2 Rg4 59.
Kh1 f1=Q+ 60.Kh2 Qg2# 0-1